Advanced Introduction to Corporate Governance Law and Regulation (Record no. 4948)
[ view plain ]
| 000 -CABECERA | |
|---|---|
| campo de control de longitud fija | 01928cam a22002655i 4500 |
| 001 - NÚMERO DE CONTROL | |
| campo de control | 23788738 |
| 005 - FECHA Y HORA DE LA ÚLTIMA TRANSACCIÓN | |
| campo de control | 20250916083043.0 |
| 008 - DATOS DE LONGITUD FIJA--INFORMACIÓN GENERAL | |
| campo de control de longitud fija | 240719s2024 mau 000 0 eng |
| 010 ## - NÚMERO DE CONTROL DE LA BIBLIOTECA DEL CONGRESO | |
| Número de control de LC | 2024942837 |
| 020 ## - NÚMERO INTERNACIONAL ESTÁNDAR DEL LIBRO | |
| Número Internacional Estándar del Libro | 9781035316335 |
| Información calificativa | (hardback) |
| 020 ## - NÚMERO INTERNACIONAL ESTÁNDAR DEL LIBRO | |
| ISBN cancelado o inválido | 9781035316328 |
| Información calificativa | (ebook) |
| 035 ## - NÚMERO DE CONTROL DEL SISTEMA | |
| Número de control de sistema | 23788738 |
| 040 ## - FUENTE DE LA CATALOGACIÓN | |
| Centro catalogador/agencia de origen | DLC |
| Lengua de catalogación | eng |
| Normas de descripción | rda |
| Centro/agencia transcriptor | DLC |
| 041 ## - CÓDIGO DE LENGUA | |
| Código de lengua del texto/banda sonora o título independiente | English |
| 042 ## - CÃDIGO DE AUTENTICACIÃN | |
| Código de autenticación | pcc |
| 100 ## - ENTRADA PRINCIPAL--NOMBRE DE PERSONA | |
| Nombre de persona | Cheffins, Brian R, |
| Término indicativo de función/relación | author. |
| 9 (RLIN) | 25893 |
| 245 10 - MENCIÓN DE TÍTULO | |
| Título | Advanced Introduction to Corporate Governance Law and Regulation |
| Mención de responsabilidad, etc. | / Brian R Cheffins. |
| 250 ## - MENCIÓN DE EDICIÓN | |
| Mención de edición | First edition |
| 264 #1 - PRODUCCIÓN, PUBLICACIÓN, DISTRIBUCIÓN, FABRICACIÓN Y COPYRIGHT | |
| Producción, publicación, distribución, fabricación y copyright | Northampton : |
| Nombre del de productor, editor, distribuidor, fabricante | Edward Elgar Publishing, |
| Fecha de producción, publicación, distribución, fabricación o copyright | 2024. |
| 300 ## - DESCRIPCIÓN FÍSICA | |
| Extensión | 282 pages |
| 520 ## - SUMARIO, ETC. | |
| Sumario, etc. | Advanced Introduction to Corporate Governance Law and Regulation provides a key overview of the facets of corporate law essential to the governance of publicly traded companies. Brian R. Cheffins deploys a robust theoretical and multijurisdictional framework to analyse the elements of corporate law crucial for governance, offering incisive insights into both corporate law and corporate governance. Chapters use an influential ‘contractarian’ approach to corporate law to explain the operation of public companies and consider company governance codes and systems; the role of the board and shareholders; and executive pay.<br/><br/>Key Features:<br/><br/>● Offers multijurisdictional perspectives on corporate governance law.<br/>● Scrutinises the legal aspects of crucial corporate governance topics.<br/>● Employs a robust theoretical approach, building upon ‘contractarian’ analysis.<br/><br/>This authoritative Advanced Introduction will be a vital read for legal scholars and students of corporate governance and corporate law. It is also beneficial for professionals interested in further understanding the legal aspects of governance of public companies. |
| Fuente proveedora | Provided by publisher. |
| 650 #0 - PUNTO DE ACCESO ADICIONAL DE MATERIA--TÉRMINO DE MATERIA | |
| Término de materia o nombre geográfico como elemento de entrada | Corporation law |
| 9 (RLIN) | 5125 |
| 942 ## - ELEMENTOS DE ENTRADA AGREGADA (KOHA) | |
| Fuente del sistema de clasificación o colocación | Clasificación de Library of Congress |
| Estado de retiro | Estado de pérdida | Fuente del sistema de clasificación o colocación | Estado dañado | No para préstamo | Biblioteca de origen | Biblioteca actual | Fecha de adquisición | Total de préstamos | Signatura topográfica completa | Fecha visto por última vez | Número de copia | Precio válido a partir de | Tipo de ítem Koha | Nota pública |
|---|---|---|---|---|---|---|---|---|---|---|---|---|---|---|
| Clasificación de Library of Congress | TBS Barcelona | TBS Barcelona | 16/09/2025 | K1365 CHE | 16/09/2025 | 1 | 16/09/2025 | Book | SOON AVAILABLE |

